000 00756nam1a22002171i 4500
001 rc\2935020
005 20240723213853.0
035 _a(NLR Aleph) 007084192
090 _a6507439
_c6507439
100 _a20110822d1939 |||y0rusy50 ca
101 0 _arus
102 _aRU
105 _ay z |||||
200 1 _aНаучные труды Института электросварки АН УССР
_eВып. № 60-
_fАкад. наук УССР. Ин-т электросварки
210 _aКиев
_cИзд-во Акад. наук УССР
_d1939
215 _d26 см
710 0 2 _aИнститут электросварки им. Е.О. Патона
801 0 _aRU
_bNLR
_gpsbo
801 1 _aRU
_bELAR
_2rusmarc
852 _aNLR
_j39-19/211
942 _cBOOK